000 02673cam a2200349 4500500
005 20260322005352.0
041 _afre
042 _adc
100 1 0 _aPaire, Caroline
_eauthor
700 1 0 _aCheriet, Foued
_eauthor
700 1 0 _aGeffroy, Olivier
_eauthor
700 1 0 _aHannin, Hervé
_eauthor
245 0 0 _aL’émergence des variétés de vigne résistantes aux maladies en France à travers le prisme médiatique
260 _c2026.
500 _a13
520 _aLes variétés de vignes résistantes (VR) aux maladies pourraient être une réponse pertinente aux défis contemporains de la viticulture. Cependant, la pluralité des acteurs impliqués complexifie les décisions, générant des discours et pratiques hétérogènes, qui contribuent à freiner leur adoption. La présente étude analyse l’évolution des discours médiatiques sur les VR en France, via une revue croisée de la presse généraliste et spécialisée, complétée par une étude de cas. Elle révèle un traitement médiatique contrasté, une quasi-absence dans les médias grand public et un alignement progressif des discours en faveur des VR, soulignant le rôle moteur des professionnels de la filière. L’étude appelle à une réflexion sur les aspects commerciaux et marketing qui sera essentielle pour permettre la diffusion et la réussite des VR sur le marché.
520 _aFungus resistant grape varieties (FRGV) are seen as a response to the current challenges of viticulture. However, the plurality of stakeholders involved complicates decision-making, generating diverse discourses and practices that hinder their adoption. This study analyses the evolution of media discourses on FRGV in France, through a cross-review of general and specialised press, complemented by a case study. It reveals a contrasted media treatment, with near-absence in mainstream outlets, a gradual alignment of discourses in favour of FRGV, and the driving role professionals from the wine industry. The study calls for consideration the commercial and marketing aspects, which will be essential to promote FRGV’s diffusion and market success. (JEL:Q16)
690 _adiffusion
690 _adiscours
690 _ahistorique
690 _avariétés résistantes
690 _avin
690 _aVitisphere
690 _adiffusion
690 _adiscourse
690 _afungus resistant grape varieties
690 _ahistory
690 _avitisphere
690 _awine
786 0 _nÉconomie rurale | 395 | 1 | 2026-03-12 | p. 101-116 | 0013-0559
856 4 1 _uhttps://shs.cairn.info/revue-economie-rurale-2026-1-page-101?lang=fr&redirect-ssocas=7080
999 _c1747937
_d1747937